Favourite folktales of China

Bibliographic Details
Format: Book
Published: Singapore : Graham Brash , 2000

MARC

LEADER 00000cam a2200000 7i4500
001 0000008294
002 000009044
005 20021008.0
020 |a 9971947692 
090 0 0 |a F   |b FAV 
245 1 0 |a Favourite folktales of China 
260 |a Singapore :   |b Graham Brash ,   |c 2000 
300 |a 196p. ;   |c 21. 
999 |a 041929   |b BUKU   |c PINJAMAN   |e PERPUSTAKAAN KOMUNITI PETALING JAYA 
999 |a 116742   |b BUKU   |c FICTION   |e PERPUSTAKAAN KOMUNITI PETALING JAYA